000 01050nam a22003257a 4500
003 CHAP
005 20220329140740.0
008 971013s1969 r 00010 d
010 _a57017
011 _a57989
035 _a62144
040 _cCHAP
082 _a658.05
_bS5Y
100 0 0 _aSisson, Roger L.
_9106699
245 _aInformación por computadoras
260 _aMéxico, D. F. :
_bLimusa- Wiley,
_c1969
300 _a190 p.
490 _aSerie guías para el director
590 _aBATCH-UPD
_b10
_c20130110
_lUCH01
_h0653
590 _aBATCH-UPD
_b10
_c20130110
_lUCH01
_h2342
590 _aBATCH-UPD
_b10
_c20130410
_lUCH01
_h0338
590 _aBATCH-UPD
_b10
_c20130914
_lUCH01
_h0833
590 _aCONVERSION
_b10
_c20130109
_lUCH01
_h1331
650 1 4 _aProcesamiento automático de datos en administración de empresas.
_991748
700 0 _aCanning, Richard G.
_918375
830 0 _aSerie guías para el director
_9104889
901 _aBK
942 _cLIBRO
949 _a658.05 S5Y
_bBC
_cLIBRO
_d33724000099032
_eLIBRO
_h555
_i62144
_si
999 _c57017
_d57017